Govt. of
Madhya Pradesh

The Kill Artist (Record no. 31345)

MARC details
000 -LEADER
fixed length control field 004300000a22001810004500
003 - CONTROL NUMBER IDENTIFIER
control field MACL
005 - DATE AND TIME OF LATEST TRANSACTION
control field 20160130150700.0
008 - FIXED-LENGTH DATA ELEMENTS--GENERAL INFORMATION
fixed length control field 160130b xxu||||| |||| 00| 0 eng d
040 ## - CATALOGING SOURCE
Original cataloging agency MACL
Transcribing agency MACL
041 ## - LANGUAGE CODE
Language code of text/sound track or separate title English
082 ## - DEWEY DECIMAL CLASSIFICATION NUMBER
Classification number 823/SIL
100 ## - MAIN ENTRY--PERSONAL NAME
Personal name Silva, Daniel
9 (RLIN) 36181
245 ## - TITLE STATEMENT
Title The Kill Artist
260 ## - PUBLICATION, DISTRIBUTION, ETC. (IMPRINT)
Name of publisher, distributor, etc. Ballantine Books
Date of publication, distribution, etc. 2000
Place of publication, distribution, etc. America
350 ## - PRICE (NR) (BK AM CF MU VM SE) [OBSOLETE]
Price 255
650 ## - SUBJECT ADDED ENTRY--TOPICAL TERM
Topical term or geographic name as entry element Fiction
9 (RLIN) 36182
942 ## - ADDED ENTRY ELEMENTS (KOHA)
Koha item type Books
Call number prefix 823/SIL
Source of classification or shelving scheme
Holdings
Withdrawn status Lost status Source of classification or shelving scheme Damaged status Not for loan Home library Current library Date acquired Cost, normal purchase price Total Checkouts Total Renewals Full call number Barcode Date last seen Date last checked out Uniform Resource Identifier Price effective from Koha item type
          MACL MACL 15/04/2015 255.00 2 1 823/SIL CLC001871 18/04/2019 16/03/2019 31397 15/04/2015 Books